<?xml version="1.0" encoding="UTF-8" ?>
<collection xmlns="http://www.loc.gov/MARC21/slim"><record><leader>01202nam a2200265   4500</leader><controlfield tag="001">47947</controlfield><controlfield tag="003">CH-000273-5</controlfield><controlfield tag="005">20190305154034.0</controlfield><datafield tag="035" ind1=" " ind2=" "><subfield code="a">(OCoLC)906902491</subfield></datafield><datafield tag="040" ind1=" " ind2=" "><subfield code="a">CH-000273-5</subfield><subfield code="b">ger</subfield><subfield code="e">rda</subfield></datafield><datafield tag="041" ind1=" " ind2=" "><subfield code="a">ger</subfield></datafield><datafield tag="110" ind1="2" ind2="0"><subfield code="a">Zürcher Kunstgesellschaft</subfield><subfield code="e">Verfasser</subfield><subfield code="4">aut</subfield></datafield><datafield tag="245" ind1="0" ind2="0"><subfield code="a">Ständige Ausstellung moderner Kunstwerke im Künstlerhaus Zürich</subfield><subfield code="b">(Thalgasse Nr. 5, neben der Börse, Zürich 1) : Katalog, X. Serie 1904 (1. Dezember bis 4. Januar)</subfield><subfield code="c">Zürcher Kunstgesellschaft</subfield></datafield><datafield tag="264" ind1="0" ind2="1"><subfield code="a">[Zürich]</subfield><subfield code="b">[Zürcher Kunstgesellschaft]</subfield><subfield code="c">[1904]</subfield></datafield><datafield tag="300" ind1=" " ind2=" "><subfield code="a">4 ungezählte Seiten</subfield><subfield code="c">23 cm</subfield></datafield><datafield tag="336" ind1=" " ind2=" "><subfield code="a">Text</subfield><subfield code="b">txt</subfield><subfield code="2">rdacontent</subfield></datafield><datafield tag="337" ind1=" " ind2=" "><subfield code="a">ohne Hilfsmittel zu benutzen</subfield><subfield code="b">n</subfield><subfield code="2">rdamedia</subfield></datafield><datafield tag="338" ind1=" " ind2=" "><subfield code="a">Band</subfield><subfield code="b">nc</subfield><subfield code="2">rdacarrier</subfield></datafield><datafield tag="600" ind1="1" ind2="7"><subfield code="a">Segantini, Giovanni</subfield><subfield code="d">1858-1899</subfield><subfield code="v">Ausstellung</subfield><subfield code="2">gnd</subfield></datafield><datafield tag="600" ind1="1" ind2="7"><subfield code="a">Volkmann, Hans von</subfield><subfield code="d">1860-1927</subfield><subfield code="v">Ausstellung</subfield><subfield code="2">gnd</subfield></datafield><datafield tag="651" ind1="0" ind2="7"><subfield code="a">Schweiz</subfield><subfield code="x">Kunst</subfield><subfield code="y">Geschichte 1890-1904</subfield><subfield code="2">gnd</subfield></datafield><datafield tag="655" ind1="0" ind2="7"><subfield code="a">Ausstellungskatalog</subfield><subfield code="x">Künstlerhaus Zürich</subfield><subfield code="y">01.12.1904-04.01.1905</subfield><subfield code="z">Zürich</subfield><subfield code="2">gnd-content</subfield></datafield><datafield tag="710" ind1="2" ind2="0"><subfield code="a">Künstlerhaus Zürich</subfield><subfield code="e">Veranstalter</subfield><subfield code="4">orm</subfield></datafield><datafield tag="852" ind1="4" ind2="0"><subfield code="a">CH-000273-5</subfield><subfield code="c">a3/Z 80:19041201</subfield></datafield><datafield tag="856" ind1="4" ind2="1"><subfield code="u">https://digital.kunsthaus.ch:443/viewer/image/47947/1/</subfield><subfield code="y">Kunsthaus Zürich Sammlungen online</subfield></datafield></record></collection>